Online
Catalog

Yo compré una isla / (Record no. 4382)

MARC details
000 -CABECERA
campo de control de longitud fija 00987cam a2200265 a 4500
001 - NÚMERO DE CONTROL
campo de control 000004574
005 - FECHA Y HORA DE LA ÚLTIMA TRANSACCIÓN
campo de control 20200929151449.0
008 - DATOS DE LONGITUD FIJA--INFORMACIÓN GENERAL
campo de control de longitud fija 000612s1953 sp ab 000 0 spa d
040 ## - FUENTE DE LA CATALOGACIÓN
Centro catalogador/agencia de origen DO-SdBNP
Centro/agencia transcriptor spa
Centro/agencia modificador BNPHU
041 17 - CÓDIGO DE LENGUA
Código de lengua del texto/banda sonora o título independiente spa
Código de lengua original fre
082 ## - NÚMERO DE LA CLASIFICACIÓN DECIMAL DEWEY
Número de clasificación 639.27
Número de documento/Ítem M465y
100 1# - ENTRADA PRINCIPAL--NOMBRE DE PERSONA
Nombre de persona Maxwell, Gavin,
Fechas asociadas al nombre 1914-1969.
9 (RLIN) 13351
240 10 - TÍTULO UNIFORME
Título uniforme Harpoon at a Aventura.
Lenguaje de la obra Español
245 10 - MENCIÓN DE TÍTULO
Título Yo compré una isla /
Mención de responsabilidad, etc. Gavin Maxwell ; versión española J. M. Claramunda Bes.
260 ## - PUBLICACIÓN, DISTRIBUCIÓN, ETC.
Lugar de publicación, distribución, etc. Barcelona, (España) :
Nombre del editor, distribuidor, etc. Aymá, S. L. Editores,
Fecha de publicación, distribución, etc. 1953.
300 ## - DESCRIPCIÓN FÍSICA
Extensión 251 p. :
Otras características físicas il., mapas ;
Dimensiones 23 cm.
490 1# - MENCIÓN DE SERIE
Mención de serie Los Caminos de la Vida
490 1# - MENCIÓN DE SERIE
Mención de serie Hombres, Tiempos y Países,
Designación de volumen o secuencia 10
534 ## - NOTA SOBRE LA VERSIÓN ORIGINAL
Encabezamiento principal del original Título original :
Mención de título del original Harpoon at a Aventura
500 ## - NOTA GENERAL
Nota general Originally published: London : R. Hart-Davis, 1952.
650 #4 - PUNTO DE ACCESO ADICIONAL DE MATERIA--TÉRMINO DE MATERIA
Término de materia o nombre geográfico como elemento de entrada Pesca de tiburones
9 (RLIN) 13352
650 #4 - PUNTO DE ACCESO ADICIONAL DE MATERIA--TÉRMINO DE MATERIA
Término de materia o nombre geográfico como elemento de entrada Pesca
Subdivisión geográfica España
9 (RLIN) 13353
700 1# - PUNTO DE ACCESO ADICIONAL--NOMBRE DE PERSONA
Nombre de persona Claramunda Bes, J. M.,
Término indicativo de función/relación tr.
9 (RLIN) 13354
830 #0 - PUNTO DE ACCESO ADICIONAL DE SERIE-TÍTULO UNIFORME
Título uniforme Los caminos de la vida ;
Nombre de parte o sección de la obra Hombres, Tiempos y Países,
Designación de volumen o secuencia 10
9 (RLIN) 13355
Holdings
Estado de retiro Estado de pérdida Restricciones de uso No para préstamo Código de colección Localización permanente Ubicación/localización actual Ubicación en estantería Fecha de adquisición Número de inventario Total de préstamos Signatura topográfica completa Código de barras Fecha visto por última vez Precio válido a partir de Tipo de ítem Koha
        Monografías: Libros y Folletos General General En catalogación 23.07.2009 LF1   639.27 M465y 4574-10 25.06.2020 25.06.2020 Préstamo en sala

Powered by Koha